Interaktívne riadenie parametrov napájacieho zdroja pomocou PC
Salvato in:
| Autore principale: | |
|---|---|
| Altri autori: | |
| Natura: | Manoscritto Libro |
| Lingua: | slovacco |
| Pubblicazione: |
2016
|
| Soggetti: | |
| Accesso online: | http://is.stuba.sk/zp/portal_zp.pl?podrobnosti=114359 |
| Tags: |
Nessun Tag, puoi essere il primo ad aggiungerne!!
|
MARC
| LEADER | 00000ntm a22000003a 4500 | ||
|---|---|---|---|
| 001 | stuzp55001 | ||
| 003 | SK-STU | ||
| 005 | 20160719154651.7 | ||
| 007 | ta | ||
| 008 | 150427s2015----xo-----f-mn---000-0-slo-d | ||
| 040 | |a STU |b slo | ||
| 041 | 0 | |a slo | |
| 044 | |a xo | ||
| 100 | 1 | |a Sejč, Ivan |u 033000 |4 aut |U FEI Fakulta elektrotechniky a informatiky |T FEI Ústav elektroniky a fotoniky |X 73030 |U E030 |Y 549 |7 73030 | |
| 242 | 0 | 1 | |a Parameters of power supply interactively controlled with PC |y eng |
| 245 | 1 | 0 | |a Interaktívne riadenie parametrov napájacieho zdroja pomocou PC |
| 260 | |c 2016 | ||
| 300 | |a 55 s. | ||
| 650 | 4 | |a Stability |2 eng | |
| 650 | 4 | |a Digital potentiometer |2 eng | |
| 650 | 4 | |a Arduino |2 eng | |
| 650 | 4 | |a Power supply |2 eng | |
| 650 | 4 | |a C++ programming |2 eng | |
| 650 | 4 | |a Stabilita |2 slo | |
| 650 | 4 | |a C++ programovanie |2 slo | |
| 650 | 4 | |a Digitálny potenciometer |2 slo | |
| 650 | 4 | |a Arduino |2 slo | |
| 650 | 4 | |a Napájací zdroj |2 slo | |
| 700 | 1 | |a Kubinec, Peter |u 033000 |k Z1 |4 ths |U FEI Fakulta elektrotechniky a informatiky |T FEI Ústav elektroniky a fotoniky |X 2052 |U E030 |Y 549 |7 A000002052 | |
| 856 | 4 | |u http://is.stuba.sk/zp/portal_zp.pl?podrobnosti=114359 | |
| 996 | |b 284ER01993 |c E*Bc- 1993 |l EE33 |s P |a 0 |w stuzp55001_0001 | ||
| SQL | |a stuzp55001 |b DBP |c SLO |d Interaktívne riadenie parametrov napájacieho zdroja pomocou PC |e 73030 |f Sejč, Ivan |g 033000 |h 2052 |i Kubinec, Peter |j 20160627 |k 75 |l 03 |m http://is.stuba.sk/zp/portal_zp.pl?podrobnosti=114359 |n B-ELN |o 5.2.13. elektronika | ||